Bcomp

Enregistré dans:
Détails bibliographiques
Auteur principal: Birbičová, Dominika (Auteur)
Autres auteurs: Antony, Tibor (Directeur de thèse)
Format: Manuscrit Livre
Langue:slovaque
Publié: 2025
Sujets:
Accès en ligne:http://is.stuba.sk/zp/portal_zp.pl?podrobnosti=168508
Tags: Ajouter un tag
Pas de tags, Soyez le premier à ajouter un tag!

MARC

LEADER 00000ntm a22000003a 4500
001 stuzp105189
003 SK-STU
005 20250614213659.2
007 ta
008 150427s2015----xo-----f-mn---000-0-slo-d
040 |a STU  |b slo 
041 0 |a slo 
100 1 |a Birbičová, Dominika  |u 059190  |4 aut  |U FAD Fakulta architektúry a dizajnu  |T FAD Ústav dizajnu  |X 115822  |U A9190  |Y 400  |7 115822 
242 0 1 |a Bcomp  |y eng 
245 1 0 |a Bcomp 
260 |c 2025 
650 4 |a public space  |2 eng 
650 4 |a urban parks  |2 eng 
650 4 |a sustainability  |2 eng 
650 4 |a outdoor seating  |2 eng 
650 4 |a ecology  |2 eng 
650 4 |a composite materials  |2 eng 
650 4 |a Bcomp  |2 eng 
650 4 |a verejný priestor  |2 slo 
650 4 |a kompozitné materiály  |2 slo 
650 4 |a mestské parky  |2 slo 
650 4 |a udržateľnosť  |2 slo 
650 4 |a exteriérové sedenie  |2 slo 
650 4 |a ekológia  |2 slo 
650 4 |a Bcomp  |2 slo 
700 1 |a Antony, Tibor  |u 059190  |k Z8  |4 ths  |U FAD Fakulta architektúry a dizajnu  |T FAD Ústav dizajnu  |X 15543  |U A9190  |Y 400  |7 A000015543 
856 4 |u http://is.stuba.sk/zp/portal_zp.pl?podrobnosti=168508